Представление документа в формате RUSMARC

ПолеНазваниеЗначение
  Тип записи a
  Библиографический уровень c
001 Контрольный номер RU/SLIB/B/208738073
005 Дата корректировки 20201206204045.9
010 Индекс ISBN __
a ISBN 5-7511-1310-1
d Цена 52-55
101 Язык документа 1_
a Язык текста rus
a Язык текста ost
c Язык оригинала nnn
200 Заглавие и сведения об ответственности 0_
a Заглавие Земля кошачьего локотка
f Первые сведения об ответственности пер., сост. и примеч. Т. Молданова
b Общее обозначение материала Текст
h Номер части Вып. 2
210 Выходные данные __
a Место издания Томск
c Издательство Изд-во Том. ун-та
d Дата издания 2001
215 Физическое описание __
a Объем 245 с.
300 Общие примечания __
a Общие примечания Текст на рус. и хант. яз.
330 Аннотация __
a Аннотация В сборник вошли произведения устного народного творчества хантов реки Казым.
517 Другие варианты заглавия __
a Другие варианты заглавия Кань кунш олан
606 Тематические рубрики __
a Основная рубрика Фольклор
y Географическая подрубрика Россия; Тюменская область; ХМАО; Ханты-Мансийский автономный округ
606 Тематические рубрики __
a Основная рубрика Фольклор России
610 Ключевые слова __
a Ключевые слова устное народное творчество; ханты; сказки; рассказы; краеведение
686 Индексы других классификаций __
a Классификационный индекс К82.3(2Рос=Хат)-6 ; стК84.2
702 Вторичная интеллектуальная ответственность _1
a Фамилия Молданов
b Имя Т.
4 Код отношения Переводчик
4 Код отношения 730
4 Код отношения 220
4 Код отношения 080
801 Источник записи _0
a Страна RU
b Организация Муниципальное бюджетное учреждение культуры "Централизованная библиотечная система" г. Сургут (Центральная городская библиотека им. А. С. Пушкина)
g Правила каталогизации КиК/Тесленко
801 Источник записи _1
a Страна RU
b Организация Муниципальное бюджетное учреждение культуры "Централизованная библиотечная система" г. Сургут (Центральная городская библиотека им. А. С. Пушкина)
g Правила каталогизации КиК/Тесленко
852 Данные о местонахождении __
j Шифр хранения К82.3(2Рос=Хат)-6
c Каталожный индекс К82.3(2Рос=Хат)-6
i Авторский знак З-52
901 Тип документа 1_
t Тип документа x
903 Характеристики (МАРС) __
a Дата передачи 20030506
969 Тип издания __
a Тип издания сборник
990 Данные о заказе (DOS) __
j Количество экземпляров (DOS) 3
t N записи в КСУ для И/У (DOS) 200305